000 00522nam a2200169 i 4500
001 76224
003 ES-MaACL
005 20230906172747.0
007 t|
008 040929s1960 ag ||||1| spa d
100 1 _aGuenther, Johannes von.
_960446
245 1 0 _aRasputín /
_cJohannes von Guenther ; [traduccción de Ceferino Gómez Manchón].
260 _aBuenos Aires :
_bPlaza & Janés,
_c[1960]
300 _a543 p. ;
_c18 cm.
700 1 _aGómez Manchón, Ceferino.
_958026
852 _aES-MaACL
_jC-18054
_bR.46073
999 _c76224
_d76224